| 000 | 00749nam a2200253Ia 4500 | ||
|---|---|---|---|
| 003 | GCL | ||
| 008 | 140319s9999 xx 000 0 ara d | ||
| 040 |
_aGCL / _cGCL |
||
| 082 | 0 | 4 |
_a784.81 _bع ك |
| 100 | 1 | _aعائشة صبرى | |
| 245 | 1 | 0 |
_aكتاب الصولفيح / _cعائشة صبرى |
| 700 | 1 | _aاميمة امين فهمى | |
| 700 | 1 | _aنادية عبد العزيز عوض | |
| 260 |
_a[S.N] : _bلجنة الاعلام والدراسات المستقبلية |
||
| 300 | _a108 | ||
| 490 | _a | ||
| 650 | 0 | 4 | _aالموسيقى |
| 650 | 0 | 4 | _aتدريب |
| 650 | 0 | 4 | _aالاغانى |
| 650 | 0 | 4 | _aالموسيقى الصوتية |
| 650 | 0 | 4 | _aطرق تدريس اللغة |
| 650 | 0 | 4 | _aالايقاع |
| 942 |
_2ddc _cBK |
||
| 999 |
_c31211 _d31211 |
||